000 00342nam a2200145Ia 4500
008 230711s9999||||xx |||||||||||||| ||und||
041 _aENG
082 _a620
_bGA-T
100 _aGarde,R.J
245 0 _aTurbulent flow
250 _a1st
260 _c1994
_aNew Delhi
_bWiley Eastern Limited
650 _aMechanical Engineering
942 _cBK
999 _c2725
_d2725